Influence of mechanical activation conditions on ceramic powders and sintered products properties; Modern technique and technologies MTT' 2012

Podrobná bibliografie
Parent link:Modern technique and technologies MTT' 2012.— 2012.— [С. 67-68]
Hlavní autor: Belokrylova A. O.
Korporativní autor: National Research Tomsk Polytechnic University
Další autoři: Matrenin S. V. Sergey Veniaminovich
Shrnutí:Заглавие с титульного листа
Jazyk:angličtina
Vydáno: 2012
Edice:Section VI: Material Science
Témata:
On-line přístup:http://www.lib.tpu.ru/fulltext/v/Conferences/2012/C2/ENG/eng_029.pdf
Médium: MixedMaterials Elektronický zdroj Kapitola
KOHA link:https://koha.lib.tpu.ru/cgi-bin/koha/opac-detail.pl?biblionumber=227503

MARC

LEADER 00000nla2a2200000 4500
001 227503
005 20240109114555.0
035 |a (RuTPU)RU\TPU\book\247934 
035 |a RU\TPU\book\247933 
090 |a 227503 
100 |a 20121207d2012 k y0engy50 ca 
101 0 |a eng 
102 |a RU 
105 |a y z 101zy 
135 |a drcn ---uucaa 
181 0 |a i  
182 0 |a b 
200 1 |a Influence of mechanical activation conditions on ceramic powders and sintered products properties  |f A. O. Belokrylova, S. V. Matrenin  |g National Research Tomsk Polytechnic University 
203 |a Текст  |c электронный 
215 |a 1 файл (341 Кб) 
225 1 |a Section VI: Material Science 
300 |a Заглавие с титульного листа 
320 |a [Библиогр.: с. 68 (3 назв.)] 
337 |a Adobe Reader 
463 1 |0 (RuTPU)RU\TPU\book\247697  |t  Modern technique and technologies MTT' 2012  |o  Proceedings of the 18th international scientific and practical conference of students, post-graduates and young scientists  |f Tomsk Polytechnic University (TPU)  |v [С. 67-68]  |d 2012 
610 1 |a труды учёных ТПУ 
610 1 |a электронный ресурс 
700 1 |a Belokrylova  |b A. O. 
701 1 |a Matrenin  |b S. V.  |c specialist in the field of material science  |c Associate Professor of Tomsk Polytechnic University, Candidate of technical sciences  |f 1964-  |g Sergey Veniaminovich  |3 (RuTPU)RU\TPU\pers\34634  |9 17996 
712 0 2 |a National Research Tomsk Polytechnic University  |9 27197 
801 2 |a RU  |b 63413507  |c 20160203  |g RCR 
856 4 |u http://www.lib.tpu.ru/fulltext/v/Conferences/2012/C2/ENG/eng_029.pdf 
942 |c CF